| 000 | 03358cam a22006257a 4500 | ||
|---|---|---|---|
| 003 | CHAP | ||
| 005 | 20220329140937.0 | ||
| 008 | 971013s1942 r 00010 d | ||
| 010 | _a60186 | ||
| 011 | _a61158 | ||
| 035 | _a65322 | ||
| 040 | _cCHAP | ||
| 082 |
_a551.5972 _bC6 |
||
| 100 | 0 | 0 |
_aContreras Arias, Alfonso. _927458 |
| 245 | 0 | _aMapa de las provincias climatológicas de la República Mexicana | |
| 260 |
_aMéxico, D.F. : _bSecretaría de Agricultura y Fomento.Instituto Geográfico, _c1942 |
||
| 300 |
_axxvii, 54 p. _b: mapa |
||
| 500 | _ac.6 sust. por Bassols Batalla, A. Geografía Económica de México c.1 de la 6 ed. de 1991 | ||
| 590 |
_aBATCH-UPD _b10 _c20130110 _lUCH01 _h1920 |
||
| 590 |
_aBATCH-UPD _b10 _c20130410 _lUCH01 _h1247 |
||
| 590 |
_aBATCH-UPD _b10 _c20130914 _lUCH01 _h0948 |
||
| 590 |
_aCONVERSION _b10 _c20130109 _lUCH01 _h1332 |
||
| 650 | 1 | 4 |
_aClima _xMéxico. _923835 |
| 901 | _aBK | ||
| 942 | _cLIBRO | ||
| 949 |
_a551.5972 C6 _bBC _cLIBRO _d33724000518221 _eLIBRO _fc.30 _h32284 _i65322 _si |
||
| 949 |
_a551.5972 C6 _bBC _cLIBRO _d33724000518239 _eLIBRO _fc.3 _h14225 _i65322 _si |
||
| 949 |
_a551.5972 C6 _bBC _cLIBRO _d33724000518247 _eLIBRO _fc.11 _h15017 _i65322 _si |
||
| 949 |
_a551.5972 C6 _bBC _cLIBRO _d33724000518262 _eLIBRO _fc.12 _h15018 _i65322 _si |
||
| 949 |
_a551.5972 C6 _bBC _cLIBRO _d33724000518270 _eLIBRO _fc.25 _h15605 _i65322 _si |
||
| 949 |
_a551.5972 C6 _bBC _cLIBRO _d33724000518288 _eLIBRO _fc.18 _h15095 _i65322 _si |
||
| 949 |
_a551.5972 C6 _bBC _cLIBRO _d33724000518304 _eLIBRO _fc.20 _h15383 _i65322 _si |
||
| 949 |
_a551.5972 C6 _bBC _cLIBRO _d33724000518320 _eLIBRO _fc.23 _h15387 _i65322 _si |
||
| 949 |
_a551.5972 C6 _bBC _cLIBRO _d33724000518338 _eLIBRO _fc.7 _h14229 _i65322 _si |
||
| 949 |
_a551.5972 C6 _bBC _cLIBRO _d33724000518353 _eLIBRO _fc.9 _h14231 _i65322 _si |
||
| 949 |
_a551.5972 C6 _bBC _cLIBRO _d33724000518361 _eLIBRO _fc.29 _h29936 _i65322 _si |
||
| 949 |
_a551.5972 C6 _bBC _cLIBRO _d33724000518379 _eLIBRO _fc.5 _h14227 _i65322 _si |
||
| 949 |
_a551.5972 C6 _bBC _cLIBRO _d33724000518387 _eLIBRO _fc.15 _h15021 _i65322 _si |
||
| 949 |
_a551.5972 C6 _bBC _cLIBRO _d33724000518403 _eLIBRO _fc.4 _h14226 _i65322 _si |
||
| 949 |
_a551.5972 C6 _bBC _cLIBRO _d33724000518411 _eLIBRO _fc.19 _h12177 _i65322 _si |
||
| 949 |
_a551.5972 C6 _bBC _cLIBRO _d33724000518429 _eLIBRO _fc.22 _h15386 _i65322 _si |
||
| 949 |
_a551.5972 C6 _bBC _cLIBRO _d33724000518437 _eLIBRO _fc.10 _h14232 _i65322 _si |
||
| 949 |
_a551.5972 C6 _bBC _cLIBRO _d33724000600367 _eLIBRO _fc.26 _h17592 _i65322 _si |
||
| 949 |
_a551.5972 C6 _bBC _cLIBRO _d33724000688719 _eLIBRO _fc.24 _h15604 _i65322 _si |
||
| 949 |
_a551.5972 C6 _bBC _cLIBRO _d33724000688727 _eLIBRO _fc.8 _h14230 _i65322 _si |
||
| 949 |
_a551.5972 C6 _bBC _cLIBRO _d33724000721148 _eLIBRO _h14223 _i65322 _si |
||
| 949 |
_a551.5972 C6 _bBC _cLIBRO _d33724000804423 _eLIBRO _fc.14 _h15020 _i65322 _si |
||
| 949 |
_a551.5972 C6 _bBC _cLIBRO _d33724000822193 _eLIBRO _fc.21 _h15385 _i65322 _sb |
||
| 949 |
_a551.5972 C6 _bBC _cLIBRO _d33724000833406 _eLIBRO _fc.16 _h15022 _i65322 _si |
||
| 949 |
_a551.5972 C6 _bBC _cLIBRO _d33724000833463 _eLIBRO _fc.17 _h15023 _i65322 _si |
||
| 949 |
_a551.5972 C6 _bBC _cMUT _d-145938 _eMUT _fc.27 _h17593 _i65322 _si |
||
| 949 |
_a551.5972 C6 _bBC _cMUT _d-145939 _eMUT _fc.28 _h28517 _i65322 _si |
||
| 949 |
_a551.5972 C6 _bBC _cMUT _d33724000518254 _eMUT _fc.2 _h14224 _i65322 _si |
||
| 949 |
_a551.5972 C6 _bBC _cMUT _d33724000518445 _eMUT _fc.13 _h15019 _i65322 _si |
||
| 999 |
_c60186 _d60186 |
||